00740nam a2200181 a 450000100100000000500170001000800410002704000250006808200150009311101020010824500670021026000740027730000200035171000480037104900090041995201130042899900170054100002177220200930011437.0100913s1959 dr 000 0 spa d aDO-SdBNPbspacBNPHU axxxxbO13c2 aConferencia la obra cristiana del benefactor de la patriad(1958 dic. 17 :cSanto Domingo)94523813aLa obra cristiana del Benefactor de la Patria /cEduardo Ross. aCiudad Trujillo, República Dominicana :bEditora del Caribe,c1959. a26 p. ;c24 cm.2 aPublicaciones del Partido Dominicano945239 aBNPD 0010718PDaPDbPDcCTd2010-09-13iLF1l0oxxxx O13cp21772-10r2020-06-25w2020-06-25yLFPDZNo se presta c21271d21271